<?xml version="1.0" encoding="UTF-8"?>
<collection xmlns="http://www.loc.gov/MARC21/slim">
<record>
  <controlfield tag="001">170391</controlfield>
  <controlfield tag="005">20260422084204.0</controlfield>
  <datafield tag="024" ind1="7" ind2=" ">
    <subfield code="2">doi</subfield>
    <subfield code="a">10.1017/aee.2026.10160</subfield>
  </datafield>
  <datafield tag="024" ind1="8" ind2=" ">
    <subfield code="2">sideral</subfield>
    <subfield code="a">148926</subfield>
  </datafield>
  <datafield tag="037" ind1=" " ind2=" ">
    <subfield code="a">ART-2026-148926</subfield>
  </datafield>
  <datafield tag="041" ind1=" " ind2=" ">
    <subfield code="a">eng</subfield>
  </datafield>
  <datafield tag="100" ind1=" " ind2=" ">
    <subfield code="a">Vigo-Arrazola, Begoña</subfield>
    <subfield code="u">Universidad de Zaragoza</subfield>
    <subfield code="0">(orcid)0000-0001-9734-8596</subfield>
  </datafield>
  <datafield tag="245" ind1=" " ind2=" ">
    <subfield code="a">Teaching for Community Sustainability: Opportunities and Limitations as Seen from a Cross-analysis of Teachers Teaching in Schools in Rural Areas in Spain and Sweden</subfield>
  </datafield>
  <datafield tag="260" ind1=" " ind2=" ">
    <subfield code="c">2026</subfield>
  </datafield>
  <datafield tag="506" ind1="0" ind2=" ">
    <subfield code="a">Access copy available to the general public</subfield>
    <subfield code="f">Unrestricted</subfield>
  </datafield>
  <datafield tag="520" ind1="3" ind2=" ">
    <subfield code="a">Education policy is always at risk of working at cross-purposes toward education goals. Using a meta-ethnographic methodology and Massey’s geometry of space theory, the present article addresses this in relation to a particular policy realisation problem of teaching for sustainability in schools in depopulated rural areas with identified population challenges. Specific attention has gone to research addressing the enacted curriculum and teachers’ experiences of working with sustainability goals. The results highlight features for goal realisation such as the presence of and attention to rural natural and cultural environmental heritage, having local access and giving curriculum attention to local employment and sustainable vocations and professions, and having community support from the local community and engagement of the school in the community. Working against sustainability were global epistemic rural marginalisation, performative curriculum relations, market competition and competitive exclusions from market participation, tepid community involvement in schools, and socially isolated schools insulated from the local community.</subfield>
  </datafield>
  <datafield tag="536" ind1=" " ind2=" ">
    <subfield code="9">info:eu-repo/grantAgreement/ES/DGA/PROY_S15_24</subfield>
    <subfield code="9">info:eu-repo/grantAgreement/ES/MICINN PID2020-112880RB-I00</subfield>
    <subfield code="9">info:eu-repo/grantAgreement/ES/MICINN/PRX23-00088</subfield>
    <subfield code="9">info:eu-repo/grantAgreement/ES/MICINN/PID2023-148480OB-I00</subfield>
  </datafield>
  <datafield tag="540" ind1=" " ind2=" ">
    <subfield code="9">info:eu-repo/semantics/openAccess</subfield>
    <subfield code="a">by</subfield>
    <subfield code="u">https://creativecommons.org/licenses/by/4.0/deed.es</subfield>
  </datafield>
  <datafield tag="655" ind1=" " ind2="4">
    <subfield code="a">info:eu-repo/semantics/article</subfield>
    <subfield code="v">info:eu-repo/semantics/publishedVersion</subfield>
  </datafield>
  <datafield tag="700" ind1=" " ind2=" ">
    <subfield code="a">Beach, Dennis</subfield>
  </datafield>
  <datafield tag="700" ind1=" " ind2=" ">
    <subfield code="a">Öhrn, Elisabet</subfield>
  </datafield>
  <datafield tag="710" ind1="2" ind2=" ">
    <subfield code="1">4001</subfield>
    <subfield code="2">215</subfield>
    <subfield code="a">Universidad de Zaragoza</subfield>
    <subfield code="b">Dpto. Ciencias de la Educación</subfield>
    <subfield code="c">Área Didáctica y Organiz. Esc.</subfield>
  </datafield>
  <datafield tag="773" ind1=" " ind2=" ">
    <subfield code="g">(2026), 1-13</subfield>
    <subfield code="t">Australian Journal of Environmental Education</subfield>
    <subfield code="x">0814-0626</subfield>
  </datafield>
  <datafield tag="856" ind1="4" ind2=" ">
    <subfield code="s">305927</subfield>
    <subfield code="u">http://zaguan.unizar.es/record/170391/files/texto_completo.pdf</subfield>
    <subfield code="y">Versión publicada</subfield>
  </datafield>
  <datafield tag="856" ind1="4" ind2=" ">
    <subfield code="s">2022098</subfield>
    <subfield code="u">http://zaguan.unizar.es/record/170391/files/texto_completo.jpg?subformat=icon</subfield>
    <subfield code="x">icon</subfield>
    <subfield code="y">Versión publicada</subfield>
  </datafield>
  <datafield tag="909" ind1="C" ind2="O">
    <subfield code="o">oai:zaguan.unizar.es:170391</subfield>
    <subfield code="p">articulos</subfield>
    <subfield code="p">driver</subfield>
  </datafield>
  <datafield tag="951" ind1=" " ind2=" ">
    <subfield code="a">2026-04-22-08:40:07</subfield>
  </datafield>
  <datafield tag="980" ind1=" " ind2=" ">
    <subfield code="a">ARTICLE</subfield>
  </datafield>
</record>
</collection>